[Event "2nd League CS-West 2009"]
[Site "?"]
[Date "2009.10.08"]
[Round "6.1"]
[White "Jovanovic, Nenad R"]
[Black "Pavlovic, Dejan S"]
[Result "1-0"]
[WhiteElo "2324"]
[BlackElo "2416"]
[PlyCount "111"]
[EventDate "2009.09.06"]

1. Nf3 d5 2. b3 Bg4 3. Bb2 Nd7 4. e3 Ngf6 5. h3 Bh5 6. d3 e6 7. Nbd2 h6 8. Qe2
a5 9. a4 Bb4 10. g4 Bg6 11. Bg2 Qe7 12. O-O c6 13. Ne5 Nxe5 14. Bxe5 O-O 15. f4
Rad8 16. Nf3 Nd7 17. Bb2 Bd6 18. Qd2 Bb4 19. Qf2 Rfe8 20. Kh1 Bd6 21. Rae1 Nc5
22. Rg1 Bh7 23. h4 b5 24. axb5 cxb5 25. Nd4 Qd7 26. Bh3 a4 27. g5 h5 28. g6
fxg6 29. bxa4 Nxa4 30. Ba1 b4 31. Rg5 Nc3 32. Reg1 Qf7 33. Nc6 Ra8 34. Ne5 Bxe5
35. Rxe5 Ra6 36. Kh2 Kh8 37. Bxc3 bxc3 38. Rb1 Qc7 39. Rg1 Qf7 40. Rb1 Bg8 41.
d4 Qa7 42. Rg1 Bf7 43. Qg2 Rg8 44. Qe2 Rc6 45. Rxg6 Re8 46. Rg2 g6 47. Qf3 Qe7
48. Qg3 Qf6 49. Qe1 Rb8 50. Reg5 Rb2 51. Qa1 Kh7 52. Qa8 Rc7 53. Qf8 Rbb7 54.
Bxe6 Re7 55. Bf5 Qxg5 56. Rxg5 1-0

[Event "2nd League CS-West 2009"]
[Site "?"]
[Date "2009.10.08"]
[Round "6.1"]
[White "Cubrakovic, Velibor"]
[Black "Lukic, Dragan M"]
[Result "0-1"]
[WhiteElo "2230"]
[BlackElo "2258"]
[PlyCount "88"]
[EventDate "2009.09.06"]

1. e4 Nf6 2. Nc3 d5 3. exd5 Nxd5 4. Nxd5 Qxd5 5. Nf3 Nc6 6. Be2 Bg4 7. h3 Bf5
8. O-O e5 9. d3 O-O-O 10. a3 f6 11. Nh4 Be6 12. Bg4 g5 13. Nf5 Qd7 14. Ng3 f5
15. Bh5 Be7 16. b4 Rhg8 17. Bb2 Bf6 18. Re1 Kb8 19. Rb1 Qg7 20. b5 Nd4 21. c3
Nxb5 22. Qa4 Qd7 23. Ba1 Nd6 24. Qb4 Ba2 25. Rb2 Bd5 26. c4 Bc6 27. Rd2 g4 28.
hxg4 f4 29. c5 fxg3 30. cxd6 gxf2+ 31. Rxf2 Qxd6 32. Qxd6 Rxd6 33. Bxe5 Bxe5
34. Rxe5 Rxd3 35. Re7 Rxa3 36. Rxh7 a5 37. Rhf7 a4 38. Rf8+ Rxf8 39. Rxf8+ Ka7
40. g5 Rg3 41. g6 Rxg2+ 42. Kf1 Rg5 43. Ke1 Rxh5 44. g7 Be4 0-1

[Event "2nd League CS-West 2009"]
[Site "?"]
[Date "2009.10.08"]
[Round "6.1"]
[White "Palosevic, Abidin"]
[Black "Bosiljcic, Zoran"]
[Result "1-0"]
[WhiteElo "2203"]
[BlackElo "2181"]
[PlyCount "119"]
[EventDate "2009.09.06"]

1. d4 d5 2. Nf3 Nf6 3. c4 e6 4. Nc3 Be7 5. Bg5 O-O 6. e3 Nbd7 7. cxd5 exd5 8.
Bd3 Re8 9. Qc2 Nf8 10. O-O Ng6 11. h3 c6 12. Rab1 Ne4 13. Bxe7 Qxe7 14. b4 Nh4
15. Nxh4 Qxh4 16. Nxe4 dxe4 17. Bc4 Bd7 18. Qb3 Re7 19. a4 Rf8 20. b5 Qg5 21.
Kh2 c5 22. dxc5 Qxc5 23. Rbc1 Qe5+ 24. Kh1 Kh8 25. Rcd1 Qh5 26. Kh2 Qe5+ 27.
Kg1 Qg5 28. Rd5 f5 29. Rfd1 Bc8 30. Qb4 Ree8 31. Re5 Qf6 32. Rxe8 Rxe8 33. Qd6
Qxd6 34. Rxd6 g6 35. Rf6 Kg7 36. Rf7+ Kh6 37. Bd5 a6 38. b6 Rd8 39. Bxb7 Bxb7
40. Rxb7 Rd1+ 41. Kh2 Ra1 42. Kg3 Rxa4 43. Kf4 Ra2 44. Ke5 a5 45. Kd6 Rxf2 46.
Ra7 Rxg2 47. Rxa5 Rb2 48. Kc6 Rxb6+ 49. Kxb6 Kg5 50. Kc5 Kh4 51. Ra1 h5 52. Rg1
g5 53. Kd5 g4 54. hxg4 fxg4 55. Kxe4 Kg5 56. Kd3 h4 57. Ke2 h3 58. Kf2 Kh4 59.
Ra1 g3+ 60. Kf3 1-0

[Event "2nd League CS-West 2009"]
[Site "?"]
[Date "2009.10.08"]
[Round "6.1"]
[White "Jovic, Miodrag"]
[Black "Nesic, Dragisa"]
[Result "1/2-1/2"]
[WhiteElo "2222"]
[BlackElo "2135"]
[PlyCount "68"]
[EventDate "2009.09.06"]

1. e4 c5 2. Nf3 Nc6 3. Bb5 e6 4. O-O Nge7 5. d4 cxd4 6. Nxd4 a6 7. Bxc6 dxc6 8.
Nc3 c5 9. Nde2 Qxd1 10. Rxd1 b5 11. Bf4 Bb7 12. Bd6 b4 13. Na4 Bxe4 14. Nxc5
Bxc2 15. Rd2 Bf5 16. Ng3 a5 17. Bxe7 Bxe7 18. Nxf5 Bxc5 19. Nxg7+ Ke7 20. Rad1
h5 21. Rc2 Rhd8 22. Rxd8 Rxd8 23. g4 Rd1+ 24. Kg2 Bd4 25. Nxh5 a4 26. Nf4 Be5
27. Kf3 Rb1 28. Nd3 b3 29. axb3 axb3 30. Re2 Bxh2 31. Nc5 Kf6 32. Nxb3 Be5 33.
Nd2 Rxb2 34. Ne4+ Kg7 1/2-1/2

[Event "2nd League CS-West 2009"]
[Site "?"]
[Date "2009.10.08"]
[Round "6.1"]
[White "Ristovic, Radovan"]
[Black "Obradovic, Vasilije"]
[Result "0-1"]
[WhiteElo "2120"]
[BlackElo "2089"]
[PlyCount "91"]
[EventDate "2009.09.06"]

1. e4 c5 2. c3 Nf6 3. e5 Nd5 4. d4 cxd4 5. Qxd4 Nb6 6. Nf3 Nc6 7. Qe4 d5 8.
exd6 Qxd6 9. Bf4 Qe6 10. Bd3 f6 11. O-O Qxe4 12. Bxe4 e5 13. Be3 Be6 14. Rd1
Nc4 15. Bc1 Nd6 16. Bd5 Kf7 17. Be3 Bxd5 18. Rxd5 Ke6 19. Rd1 Nc4 20. b3 Nxe3
21. fxe3 Bc5 22. Kf2 Rad8 23. Rxd8 Rxd8 24. Ke2 b5 25. Nbd2 Be7 26. a4 b4 27.
Rc1 Na5 28. cxb4 Bxb4 29. Rc7 Rd7 30. Rxd7 Kxd7 31. g4 Ke6 32. e4 Kd7 33. Kd3
Kc6 34. h4 Kd7 35. h5 Ke6 36. Nf1 g6 37. hxg6 hxg6 38. N1d2 g5 39. Nf1 Kd6 40.
Kc2 Nc6 41. Ne3 Ke6 42. Nd5 Ba5 43. Kd3 Bd8 44. b4 Kd6 45. Kc4 a6 46. b5 0-1

[Event "2nd League CS-West 2009"]
[Site "?"]
[Date "2009.10.08"]
[Round "6.2"]
[White "Colovic, Dusan"]
[Black "Kostic, Vladimir G"]
[Result "1/2-1/2"]
[WhiteElo "2380"]
[BlackElo "2430"]
[PlyCount "79"]
[EventDate "2009.09.06"]

1. d4 d5 2. Nc3 e6 3. Bf4 Nf6 4. e3 Bd6 5. Bg3 O-O 6. Bd3 a6 7. Nf3 Nc6 8. a3
Qe7 9. Ne5 Nd7 10. f4 f5 11. Nb1 Nd8 12. O-O Nf7 13. c4 Bxe5 14. fxe5 dxc4 15.
Bxc4 b5 16. Ba2 Bb7 17. Nc3 Nb6 18. Qe2 Ng5 19. Rac1 Rad8 20. Bf4 Nf7 21. Bb3
Kh8 22. Na2 Bd5 23. Bxd5 Nxd5 24. Nb4 Nxb4 25. axb4 Rc8 26. Rc6 Nd8 27. Rxa6
Qxb4 28. Bg5 Nf7 29. Bf4 Rfe8 30. Ra7 Kg8 31. Rc1 c6 32. Bg3 Qb3 33. Rc3 Qd5
34. h3 Rf8 35. Bh4 Nh8 36. Qf3 Ng6 37. Bf2 f4 38. e4 Qd8 39. Ra6 Qd7 40. Rca3
1/2-1/2

[Event "2nd League CS-West 2009"]
[Site "?"]
[Date "2009.10.08"]
[Round "6.2"]
[White "Ilic, Dragan M"]
[Black "Tasic, Vladimir"]
[Result "1-0"]
[WhiteElo "2360"]
[BlackElo "2258"]
[PlyCount "75"]
[EventDate "2009.09.06"]

1. d4 Nf6 2. c4 g6 3. Nc3 Bg7 4. e4 d6 5. f4 O-O 6. Nf3 c6 7. Be2 a6 8. a4 a5
9. O-O Na6 10. Kh1 Nb4 11. e5 Ne8 12. Be3 d5 13. cxd5 cxd5 14. Rc1 Nc7 15. Ne1
f5 16. Nc2 Nc6 17. Na3 Na6 18. Nxd5 Nab4 19. Nxb4 axb4 20. Nc4 Be6 21. Bf3 Bd5
22. Bxd5+ Qxd5 23. Nb6 Qe4 24. Qb3+ Kh8 25. Nxa8 Rxa8 26. Rfd1 e6 27. d5 exd5
28. Rxd5 g5 29. fxg5 f4 30. Bg1 Nxe5 31. Rd4 Qf5 32. Rf1 f3 33. gxf3 Qxg5 34.
Qd5 Re8 35. Rg4 Qd8 36. Qxd8 Rxd8 37. Rxb4 Rd2 38. Rd4 1-0

[Event "2nd League CS-West 2009"]
[Site "?"]
[Date "2009.10.08"]
[Round "6.2"]
[White "Zivkovic, Vladislav"]
[Black "Zecevic, Igor"]
[Result "1-0"]
[WhiteElo "2228"]
[BlackElo "1862"]
[PlyCount "45"]
[EventDate "2009.09.06"]

1. Nf3 c5 2. c4 Nf6 3. Nc3 Nc6 4. d4 cxd4 5. Nxd4 g6 6. g3 Bg7 7. Bg2 Qb6 8.
Nb3 a6 9. O-O d6 10. Be3 Qd8 11. Na4 O-O 12. Rc1 Be6 13. h3 Nd7 14. Nd4 Nxd4
15. Bxd4 Rb8 16. Bxg7 Kxg7 17. Nc3 Nf6 18. Qd4 Kg8 19. Nd5 Bxd5 20. cxd5 Qa5
21. a3 Rbc8 22. e4 Rc7 23. b4 1-0

[Event "2nd League CS-West 2009"]
[Site "?"]
[Date "2009.10.08"]
[Round "6.2"]
[White "Vuckovic, Danilo"]
[Black "Vujic, Luka"]
[Result "1/2-1/2"]
[WhiteElo "1653"]
[BlackElo "2201"]
[PlyCount "32"]
[EventDate "2009.09.06"]

1. d4 Nf6 2. c4 g6 3. Nc3 d5 4. cxd5 Nxd5 5. e4 Nxc3 6. bxc3 Bg7 7. Bc4 c5 8.
Ne2 O-O 9. O-O Nc6 10. Be3 Na5 11. Bd3 cxd4 12. cxd4 Bg4 13. f3 Be6 14. Qa4 a6
15. Qb4 Nc6 16. Qb2 Ne5 1/2-1/2

[Event "2nd League CS-West 2009"]
[Site "?"]
[Date "2009.10.08"]
[Round "6.3"]
[White "Grubisic, Ilija"]
[Black "Milanovic, Slavisa"]
[Result "0-1"]
[WhiteElo "2291"]
[BlackElo "2331"]
[PlyCount "106"]
[EventDate "2009.09.06"]

1. g3 Nf6 2. Bg2 e6 3. Nf3 Be7 4. d3 O-O 5. O-O d5 6. Nbd2 c5 7. e4 Nc6 8. e5
Nd7 9. Re1 b5 10. h4 a5 11. Nf1 b4 12. Bf4 Ba6 13. N1h2 a4 14. Ng5 Qe8 15. c4
Nb6 16. cxd5 Nxd5 17. Be4 Nxf4 18. gxf4 g6 19. Ng4 Qd7 20. h5 Bb7 21. Re3 Kg7
22. Nf6 Bxf6 23. exf6+ Kxf6 24. Nxh7+ Ke7 25. Nxf8 Rxf8 26. hxg6 fxg6 27. Qg4
Rf6 28. Rh3 Kd6 29. Qg5 Qf7 30. Rc1 Rf5 31. Bxf5 gxf5 32. Rh8 Ba6 33. b3 Bb5
34. Qh5 Nd4 35. bxa4 Bxa4 36. Rd8+ Bd7 37. Rxd7+ Kxd7 38. Rxc5 Qg8+ 39. Kf1 Nc6
40. Qh1 Qa8 41. Qxc6+ Qxc6 42. Rxc6 Kxc6 43. Ke2 Kb5 44. Kd2 Ka4 45. Kc2 Ka3
46. Kb1 b3 47. axb3 Kxb3 48. Kc1 Kc3 49. Kd1 Kxd3 50. Ke1 Ke4 51. Ke2 Kxf4 52.
f3 Kg3 53. Ke3 e5 0-1

[Event "2nd League CS-West 2009"]
[Site "?"]
[Date "2009.10.08"]
[Round "6.3"]
[White "Sandic, Vladeta"]
[Black "Milosevic, Zoran"]
[Result "1/2-1/2"]
[WhiteElo "2338"]
[BlackElo "2302"]
[PlyCount "112"]
[EventDate "2009.09.06"]

1. d4 Nf6 2. c4 g6 3. Nc3 d5 4. Nf3 Bg7 5. Qb3 c6 6. cxd5 Nxd5 7. e4 Nxc3 8.
bxc3 O-O 9. Be2 c5 10. d5 e6 11. O-O exd5 12. exd5 Nd7 13. Bg5 Nf6 14. Rad1 Qd6
15. c4 Re8 16. Bd3 b6 17. h3 Nh5 18. Rfe1 Bd7 19. Qa3 h6 20. Bd2 Qf6 21. Rxe8+
Rxe8 22. Qxa7 Bxh3 23. Rb1 Bg4 24. Qxb6 Ra8 25. Qxf6 Nxf6 26. Ne5 Bd7 27. Be3
Be8 28. Bxc5 Nxd5 29. cxd5 Bxe5 30. Re1 Bf6 31. Bc4 Rc8 32. Bb4 Bd7 33. Bb3 Kg7
34. Be7 Bd4 35. Bd6 Kf6 36. g3 Bh3 37. Kh2 Bf5 38. Kg2 g5 39. Be7+ Kg7 40. Bd6
Kf6 41. Bb4 Rb8 42. Be7+ Kg7 43. Bd6 Rc8 44. Be5+ Bxe5 45. Rxe5 Kf6 46. Re2 h5
47. d6 Rd8 48. Rd2 h4 49. gxh4 gxh4 50. Ba4 Ke6 51. d7 Ke7 52. Bc6 Rg8+ 53. Kh2
Kd8 54. a4 Rg6 55. Bb5 Rh6 56. Rd4 h3 1/2-1/2

[Event "2nd League CS-West 2009"]
[Site "?"]
[Date "2009.10.08"]
[Round "6.3"]
[White "Bojanic, Bratislav"]
[Black "Nikolic, Dragovan"]
[Result "0-1"]
[WhiteElo "2241"]
[BlackElo "2290"]
[PlyCount "90"]
[EventDate "2009.09.06"]

1. e4 c5 2. Nf3 Nc6 3. d4 cxd4 4. Nxd4 g6 5. c4 Bg7 6. Be3 Nf6 7. Nc3 O-O 8.
Be2 d6 9. O-O Bd7 10. Rc1 Nxd4 11. Bxd4 Bc6 12. Bf3 a5 13. Nd5 Bxd5 14. Bxf6
Bxe4 15. Bxg7 Bxf3 16. Qxf3 Kxg7 17. Qxb7 Rb8 18. Qd5 Qb6 19. c5 dxc5 20. Rxc5
Qxb2 21. Rxa5 Rfd8 22. Qe4 Qf6 23. Ra7 e6 24. Ra3 Rd4 25. Qe2 Rf4 26. g3 Rb2
27. Qe3 Rd4 28. Ra8 e5 29. Qc3 Rbd2 30. Qc5 Rd6 31. a4 R2d5 32. Qb4 Qf3 33. Rc8
Rd4 34. Qb5 Re6 35. a5 h5 36. h4 Rd5 37. Qb4 Red6 38. a6 Rd1 39. Rc1 Rxf1+ 40.
Rxf1 Rxa6 41. Qb5 Re6 42. Rc1 e4 43. Rc8 e3 44. Qb2+ Rf6 45. fxe3 Qxg3+ 0-1

[Event "2nd League CS-West 2009"]
[Site "?"]
[Date "2009.10.08"]
[Round "6.3"]
[White "Dragicevic, Dragan"]
[Black "Drcelic, Sreten"]
[Result "0-1"]
[WhiteElo "2199"]
[BlackElo "2223"]
[PlyCount "119"]
[EventDate "2009.09.06"]

1. d4 d6 2. c4 c6 3. Nc3 Nd7 4. Nf3 e5 5. Bg5 Qc7 6. e3 Ngf6 7. Qc2 g6 8. Be2
Bg7 9. h3 O-O 10. O-O Re8 11. Rfd1 a5 12. Rac1 b6 13. d5 c5 14. Nb5 Qb8 15. Nd2
Ba6 16. e4 Kh8 17. Qd3 Ng8 18. g4 f6 19. Be3 Bh6 20. Bxh6 Nxh6 21. h4 Kg7 22.
Kg2 Nf7 23. Qh3 Qd8 24. Rh1 Rh8 25. Rc3 Bc8 26. Qg3 Nb8 27. Rcc1 Na6 28. a3 Qe7
29. Rcg1 Bd7 30. f3 Rag8 31. Bd3 Kf8 32. Kf2 Ke8 33. Ke2 Kd8 34. Qf2 Kc8 35.
Na7+ Kb7 36. Nc6 Bxc6 37. dxc6+ Kxc6 38. Nb1 Nd8 39. Nc3 Ne6 40. Nd5 Qg7 41.
Rb1 Nd4+ 42. Kd2 Ra8 43. Qe3 Nc7 44. Nc3 Rhb8 45. a4 Rf8 46. Rbf1 Qd7 47. Rhg1
Nce6 48. Bc2 Kb7 49. b3 Rae8 50. Nd5 Nc7 51. Nc3 Na6 52. Nd5 Nb4 53. Nxb4 axb4
54. Qh6 Rf7 55. Qe3 Ka6 56. Rg2 Ne6 57. Kc1 Qc6 58. Kb2 Ref8 59. Rfg1 Nd4 60.
Bd3 0-1

[Event "2nd League CS-West 2009"]
[Site "?"]
[Date "2009.10.08"]
[Round "6.3"]
[White "Sredojevic, Srdjan"]
[Black "Vilimonovic, Bozidar"]
[Result "1/2-1/2"]
[WhiteElo "2153"]
[BlackElo "2207"]
[PlyCount "82"]
[EventDate "2009.09.06"]

1. e4 e6 2. Qe2 e5 3. Nf3 Nc6 4. g3 d6 5. Bg2 Nf6 6. c3 Be7 7. O-O O-O 8. d3
Ne8 9. d4 Bf6 10. d5 Nb8 11. Ne1 c6 12. c4 cxd5 13. cxd5 b6 14. b4 Ba6 15. b5
Bc8 16. a4 Nd7 17. Nd3 Nc5 18. Nd2 a5 19. Nxc5 dxc5 20. Nc4 Nd6 21. Bb2 Re8 22.
Rae1 Nxc4 23. Qxc4 Qd6 24. f4 Ra7 25. f5 g6 26. Bh3 g5 27. Bg4 Kf8 28. Rc1 Ke7
29. Ba3 Rc7 30. Rfd1 Bd7 31. Bh5 Rg8 32. Qe2 Rcc8 33. Rc4 Rc7 34. Qg4 Kf8 35.
Bc1 h6 36. Qe2 Ke7 37. Qf2 Rcc8 38. Ba3 Rc7 39. Rdc1 Rgc8 40. Qe3 Kf8 41. R1c2
Ke7 1/2-1/2

[Event "2nd League CS-West 2009"]
[Site "?"]
[Date "2009.10.08"]
[Round "6.6"]
[White "Mrsevic, Miroslav"]
[Black "Stojanovic, Dobrisav"]
[Result "0-1"]
[WhiteElo "2312"]
[BlackElo "2331"]
[PlyCount "100"]
[EventDate "2009.09.06"]

1. e4 e5 2. Nf3 Nc6 3. d3 Nf6 4. Be2 d5 5. exd5 Nxd5 6. O-O Be7 7. Re1 O-O 8.
Bf1 Bc5 9. c3 Re8 10. b4 Bd6 11. b5 Na5 12. c4 Nf4 13. d4 e4 14. Bd2 Bg4 15.
Qc1 exf3 16. Rxe8+ Qxe8 17. Bxf4 fxg2 18. Bd3 Bxf4 19. Qxf4 Qe1+ 20. Kxg2 Be2
21. Bxe2 Qxe2 22. Nd2 Nxc4 23. Nf3 Nd6 24. Rc1 Qe7 25. Rc5 Rd8 26. a4 f6 27.
Rc3 Qd7 28. h3 Re8 29. Qc1 Re7 30. Rc5 g6 31. Qc2 Ne4 32. Qb3+ Kg7 33. Rc2 g5
34. d5 g4 35. Nd4 gxh3+ 36. Qxh3 Qxh3+ 37. Kxh3 Rd7 38. f4 Rxd5 39. Rxc7+ Kg6
40. f5+ Kg5 41. Nf3+ Kf4 42. Nh4 Rd3+ 43. Kg2 Rd2+ 44. Kf1 Rh2 45. Rxh7 Kg4 46.
Rxb7 Rxh4 47. Rxa7 Kf3 48. Rg7 Rh1+ 49. Rg1 Ng3+ 50. Ke1 Rxg1+ 0-1

[Event "2nd League CS-West 2009"]
[Site "?"]
[Date "2009.10.08"]
[Round "6.6"]
[White "Marcetic, Predrag"]
[Black "Kahrovic, Mersid"]
[Result "1-0"]
[WhiteElo "2199"]
[BlackElo "2294"]
[PlyCount "104"]
[EventDate "2009.09.06"]

1. d4 Nf6 2. c4 e6 3. Nf3 d5 4. Nc3 c6 5. e3 dxc4 6. Bxc4 b5 7. Bd3 a6 8. a4 b4
9. Ne4 Nbd7 10. Nxf6+ Nxf6 11. Qc2 Bb7 12. a5 c5 13. dxc5 Rc8 14. Qe2 Nd7 15.
Bxa6 Bxa6 16. Qxa6 Nxc5 17. Qb5+ Qd7 18. Qxd7+ Kxd7 19. Nd2 Kc6 20. Ke2 Kb5 21.
Rd1 Be7 22. b3 Bf6 23. Ra2 Rhd8 24. a6 Bc3 25. a7 Ra8 26. Nc4 Rxd1 27. Kxd1
Nxb3 28. Nd6+ Kb6 29. Bb2 Bxb2 30. Rxb2 Nc5 31. Rxb4+ Kxa7 32. Ke2 Rb8 33. Rxb8
Kxb8 34. Nxf7 Kc7 35. f4 Kd7 36. Kf3 Ke7 37. Ne5 Kf6 38. h4 h5 39. Nc4 Nd3 40.
e4 Ne1+ 41. Kf2 Nd3+ 42. Ke3 Nc5 43. e5+ Ke7 44. Nd6 Nd7 45. Kf3 g6 46. Ne4 Kf7
47. Ke3 Nb6 48. Ng5+ Ke7 49. Kf3 Nd5 50. Ne4 Kf8 51. g4 Kg7 52. Ng5 Ne7 1-0

[Event "2nd League CS-West 2009"]
[Site "?"]
[Date "2009.10.08"]
[Round "6.6"]
[White "Dumic, Marko"]
[Black "Dolovic, Dusko"]
[Result "1-0"]
[WhiteElo "2230"]
[BlackElo "2197"]
[PlyCount "85"]
[EventDate "2009.09.06"]

1. d4 Nf6 2. c4 e6 3. Nc3 Bb4 4. Qb3 Nc6 5. Nf3 d5 6. e3 Ne4 7. Bd3 O-O 8. O-O
Nxc3 9. bxc3 dxc4 10. Bxc4 Be7 11. Qc2 Na5 12. Bd3 h6 13. e4 c5 14. Be3 Qc7 15.
Qd2 Rd8 16. Bf4 Bd6 17. e5 Bf8 18. Qe3 Bd7 19. d5 c4 20. Bc2 Qc5 21. Qe4 g6 22.
d6 Bc6 23. Qe2 Bd5 24. Nd4 Nc6 25. Be3 Qa5 26. Nxc6 Bxc6 27. Bd4 Rac8 28. Rfe1
Ba4 29. Bb1 Rd7 30. h4 h5 31. g4 Qd8 32. g5 Qa5 33. Be4 Bc6 34. Rab1 Bxe4 35.
Qxe4 b6 36. Re2 Qa4 37. Kg2 Qc6 38. Qxc6 Rxc6 39. f4 Bg7 40. Kf3 Kf8 41. a4 Rd8
42. Reb2 Ke8 43. a5 1-0

[Event "2nd League CS-West 2009"]
[Site "?"]
[Date "2009.10.08"]
[Round "6.6"]
[White "Vasic, Vladimir"]
[Black "Sadikovic, Samir"]
[Result "1/2-1/2"]
[WhiteElo "2180"]
[BlackElo "2201"]
[PlyCount "94"]
[EventDate "2009.09.06"]

1. e4 d5 2. e5 Bf5 3. d4 e6 4. c3 c5 5. Qb3 Qc7 6. Bb5+ Nc6 7. Be3 a6 8. Qa4
Rb8 9. Bxc6+ Qxc6 10. Qxc6+ bxc6 11. b3 cxd4 12. cxd4 f6 13. f4 Ne7 14. Nf3 Be4
15. Nbd2 Nf5 16. Kf2 Bb4 17. a3 Bxd2 18. Nxd2 Bxg2 19. Rhg1 Be4 20. Rac1 Kd7
21. b4 Bd3 22. Nb3 Bc4 23. Na5 Bb5 24. Rc3 g6 25. Rgc1 Rbc8 26. Nb7 fxe5 27.
fxe5 h6 28. a4 Bc4 29. Na5 Rhf8 30. Nxc4 Nd6+ 31. Kg2 Nxc4 32. Bxh6 Rf5 33. Rg3
Rg8 34. h4 Rh5 35. Bg5 Rb8 36. Rb1 Rh7 37. Rbb3 Rf7 38. Bf6 Nd2 39. Rb2 Ne4 40.
Rxg6 Rbf8 41. b5 axb5 42. axb5 cxb5 43. Rxb5 Kc6 44. Rb2 Nxf6 45. exf6 Rxf6 46.
Rxf6 Rxf6 47. Kg3 Kd6 1/2-1/2

[Event "2nd League CS-West 2009"]
[Site "?"]
[Date "2009.10.08"]
[Round "6.6"]
[White "Brajovic, Miroljub"]
[Black "Bezarevic, Branko"]
[Result "0-1"]
[WhiteElo "2155"]
[BlackElo "2194"]
[PlyCount "118"]
[EventDate "2009.09.06"]

1. e4 c5 2. c3 d5 3. exd5 Qxd5 4. d4 Nf6 5. Nf3 Bg4 6. Be2 e6 7. Be3 cxd4 8.
Qxd4 Nc6 9. Qa4 Bc5 10. Bxc5 Qxc5 11. O-O O-O 12. Nbd2 Rfd8 13. Rad1 Ne5 14.
Rfe1 Nxf3+ 15. Nxf3 a6 16. h3 Bh5 17. Rxd8+ Rxd8 18. Rd1 Rxd1+ 19. Qxd1 Qd5 20.
Qxd5 Nxd5 21. Nd4 Bxe2 22. Nxe2 e5 23. Kf1 f5 24. Ke1 Kf7 25. Kd2 Ke6 26. c4
Nf6 27. f3 g5 28. b4 e4 29. fxe4 Nxe4+ 30. Kd3 Ke5 31. c5 Kd5 32. a4 a5 33. c6
Kxc6 34. bxa5 Kd5 35. Nd4 Nc5+ 36. Kc3 Nxa4+ 37. Kd3 Nb2+ 38. Kc3 Nd1+ 39. Kd3
Nf2+ 40. Kc3 Ne4+ 41. Kd3 Nc5+ 42. Kc3 Na4+ 43. Kd3 Nb2+ 44. Kc3 Nc4 45. Nxf5
Nxa5 46. Kd3 Ke5 47. Ne3 h5 48. g3 b5 49. h4 gxh4 50. gxh4 Kf4 51. Nd5+ Kg4 52.
Kc3 Nc6 53. Nc7 b4+ 54. Kc4 Kxh4 55. Nd5 Kg3 56. Kc5 h4 57. Kxc6 b3 58. Nc3 h3
59. Ne4+ Kf4 0-1